| 000 | 00448nam a2200145Ia 4500 | ||
|---|---|---|---|
| 008 | 220214s9999 xx 000 0 und d | ||
| 022 | _a0022-0493 | ||
| 245 | 0 | _aJOURNAL OF ECONOMIC ENTOMOLOGY | |
| 260 |
_bEntomological Society of America, Lanham _aUSA |
||
| 310 | _aBM | ||
| 500 | _aEnding Volume & Year: 90, 1997 | ||
| 500 | _aMissing Volume: 75(4-6);77;78(3);80(3);81-83;85;86;89(2) | ||
| 500 | _aStarting Volume & Year: 58, 1965 | ||
| 942 | _cBJ | ||
| 999 |
_c2868 _d2868 |
||